The Bangla Academy Journal / (Record no. 5995)
[ view plain ]
| 000 -LEADER | |
|---|---|
| fixed length control field | 00658nam a22002417a 4500 |
| 001 - CONTROL NUMBER | |
| JCCL Control Number | 5995 |
| 003 - CONTROL NUMBER IDENTIFIER | |
| JCCL marc code | BD-JhCC |
| 005 - DATE AND TIME OF LATEST TRANSACTION | |
| control field | 20171231192744.0 |
| 008 - FIXED-LENGTH DATA ELEMENTS--GENERAL INFORMATION | |
| fixed length control field | 171231b xxu||||| |||| 00| 0 eng d |
| 035 ## - SYSTEM CONTROL NUMBER | |
| system control number | (BD-JhCC)5995 |
| 040 ## - CATALOGING SOURCE | |
| Original cataloging agency | BD-JhCC |
| Modifying agency | BD-JhCC |
| 041 ## - LANGUAGE CODE | |
| Language code of Book | Eng |
| 082 ## - DEWEY DECIMAL CLASSIFICATION NUMBER | |
| Classification number | 891.446 |
| Author mark and Year | RAS 1993 |
| 100 ## - MAIN ENTRY--PERSONAL NAME | |
| Personal name | Rashid, M. Harunur |
| 245 ## - TITLE STATEMENT | |
| Title | The Bangla Academy Journal / |
| Remainder of title | A Half Yearly Liteture Journal July-December 1993 |
| Statement of responsibility, etc | M. Harunur Rashid |
| 260 ## - PUBLICATION, DISTRIBUTION, ETC. (IMPRINT) | |
| Place of publication, distribution, etc | Dhaka : |
| Name of publisher, distributor, etc | Bangla Academy; |
| Date of publication, distribution, etc | 1993. |
| 300 ## - PHYSICAL DESCRIPTION | |
| Pagination | 102 p. : |
| Dimensions | 24 cm. |
| 490 ## - SERIES STATEMENT | |
| Volume number/sequential designation | VOL. XX No. 2 |
| 650 ## - SUBJECT ADDED ENTRY--TOPICAL TERM | |
| Topical term or geographic name as entry element | Bengali Literature |
| 650 ## - SUBJECT ADDED ENTRY--TOPICAL TERM | |
| Topical term or geographic name as entry element | Magazine |
| 942 ## - ADDED ENTRY ELEMENTS (KOHA) | |
| Source of classification or shelving scheme | Dewey Decimal Classification |
| Koha item type | Books |
| Source of classification or shelving scheme | Damaged status | Not for loan | Home library | Current library | Shelving location | Date of accession | Cost, normal purchase price | Total Checkouts | Full call number | Barcode | Date last seen | Copy number | Koha item type |
|---|---|---|---|---|---|---|---|---|---|---|---|---|---|
| Dewey Decimal Classification | JCC Rouf Library | JCC Rouf Library | General Stacks | 12/31/2017 | 20.00 | 891.446 RAS 1993 | 8163 | 12/31/2017 | C-1 | Books |